000
00306nam a2200133 4500
020
_a
81-239-0290-5
040
_c
0
082
_a
671.2
_b
K9636 F
100
_a
Dharmendra Kumar
_9
130460
245
_a
Foundry Technology
260
_a
New Dehli
_b
CBS Publishers
_c
2015
300
_a
427p.
942
_2
ddc
_c
BK
999
_c
614648
_d
614648